Computer upgrading and maintenance / (Record no. 10463)

MARC details
000 -LEADER
fixed length control field 00668nam a2200229 4500
008 - FIXED-LENGTH DATA ELEMENTS--GENERAL INFORMATION
fixed length control field 221208b |||||||| |||| 00| 0 eng d
017 ## - LEGAL DEPOSIT NUMBER
Legal deposit number 0212-169
018 ## - LEGAL DEPOSIT YEAR
LDD Year 02-02-2012
020 ## - INTERNATIONAL STANDARD BOOK NUMBER
ISBN 9789789192472
040 ## - CATALOGING SOURCE
Original cataloging agency NLN
Language of cataloging English
100 ## - MAIN ENTRY--AUTHOR
Author YEKINI, N.A
Relator term aut
245 ## - TITLE STATEMENT
Title Computer upgrading and maintenance /
Statement of responsibility, etc N.A Yekini
260 ## - PUBLICATION, DISTRIBUTION, ETC. (IMPRINT)
Place of publication Shomolu, Lagos State (61, Apata Street):
Name of publisher HAS-FEM Nig. Enterprises,
Date of publication 2012
300 ## - COLLATION
Pagination viii, 138p. :
Other physical details ill. ; 21cm.
500 ## - GENERAL NOTE
General note Bibliography: P. 135
563 ## - BINDING INFORMATION
Binding note (Pbk)
650 ## - TRACINGS
Main Subject Computer engineering
700 ## - ADDITIONAL AUTHOR
Additional Author <a href="Ojo, O.">Ojo, O.</a>
Relator term ctb
942 ## - ADDED ENTRY ELEMENTS (KOHA)
Item type Books
050 ## - LIBRARY OF CONGRESS CALL NUMBER
Classification number TK7885
Item number .Y43
082 ## - DEWEY DECIMAL CLASSIFICATION NUMBER
Classification number 621.39
Holdings
Source of classification or shelving scheme Not for loan Home library Current library Date acquired Accession No. Full call number Barcode. Koha item type
Library of Congress Classification   IBADAN BRANCH LIBRARY National Library of Nigeria 08/12/2022 1541038 TK7885 .Y43 1541038 Books

National Library of Nigeria OPAC is powered by Koha